| 000 | 00548nam a2200193Ia 4500 | ||
|---|---|---|---|
| 008 | 191130s2003##################000#0#eng## | ||
| 020 | _a9780333793565 | ||
| 040 |
_aACL _cACL |
||
| 082 | _a388.094 STE | ||
| 100 | _aStevens, Handley | ||
| 245 |
_aTransport policy in the European Union _cBy Handley Stevens |
||
| 250 | _a1st ed | ||
| 260 |
_aBasingstoke, Hampshire _bPalgrave Macmillan _c2003 |
||
| 300 | _axvii,276 p. : 23 cm | ||
| 650 | _aTranspotation | ||
| 990 | _aa68d802dac10000c72e865a29eb8fe5b | ||
| 991 | _a341410 | ||
| 999 |
_c82431 _d82431 |
||